[Event "Open de la Loire 2014-2015"]
[Site "Aurec"]
[Date "2015.01.17"]
[Round "6.6"]
[White "Fournier, Gerald"]
[Black "Barrandon, Georges"]
[Result "0-1"]
[WhiteElo "1490"]
[BlackElo "1460"]
[PlyCount "100"]
[EventDate "2015.??.??"]

1. Nf3 d5 2. c4 Nf6 3. cxd5 Nxd5 4. Nc3 e6 5. g3 Bd6 6. Bg2 O-O 7. O-O Nd7 8.
Re1 b6 9. a3 Bb7 10. e4 Nxc3 11. bxc3 c5 12. d4 Rc8 13. d5 exd5 14. exd5 c4 15.
a4 h6 16. Nh4 Qf6 17. Re3 Bc5 18. Rf3 Qe5 19. Bf4 Qxd5 20. Rd3 Qxd3 21. Qxd3
cxd3 22. Bxb7 Rce8 23. Ng2 Re2 24. Be3 Bxe3 25. Nxe3 Ne5 26. Ba6 Nf3+ 27. Kf1
Rd2 28. Rd1 Rxd1+ 29. Nxd1 Re8 30. Kg2 Ne5 31. f4 Ng4 32. Bxd3 Ne3+ 33. Nxe3
Rxe3 34. Bb5 Rxc3 35. h3 f6 36. Kf2 Kf8 37. h4 Ke7 38. h5 Kd6 39. g4 Kc5 40.
Ke2 Rg3 41. Bd7 a6 42. Kf2 Ra3 43. Ke2 b5 44. axb5 axb5 45. Bf5 b4 46. Bd3 Kd4
47. Bf5 Re3+ 48. Kf2 b3 49. Kg2 b2 50. Kf2 Rd3 0-1

[Event "Open de la Loire 2014-2015"]
[Site "Aurec"]
[Date "2015.01.17"]
[Round "6.7"]
[White "Libiszewski, Christian"]
[Black "Martin, Julien"]
[Result "1/2-1/2"]
[WhiteElo "1417"]
[BlackElo "1520"]
[PlyCount "64"]
[EventDate "2015.??.??"]

1. e4 e5 2. Nf3 d6 3. h3 Nf6 4. Nc3 Nc6 5. Bc4 Qe7 6. Ng5 Nd8 7. O-O Ne6 8. Nf3
a6 9. d3 h6 10. Nd5 Nxd5 11. exd5 Nc5 12. Re1 Qf6 13. d4 Nd7 14. Qe2 Be7 15.
dxe5 dxe5 16. Nxe5 Nxe5 17. Qxe5 Qxe5 18. Rxe5 Kd8 19. c3 Bd6 20. Re2 b5 21.
Bb3 Bb7 22. Be3 Kd7 23. Rd1 Rhe8 24. Kf1 Re5 25. Bd4 Rxe2 26. Kxe2 f6 27. Kf3
c6 28. c4 bxc4 29. Bxc4 cxd5 30. Bb3 Re8 31. Ba4+ Bc6 32. Bxc6+ Kxc6 1/2-1/2

[Event "Open de la Loire 2014-2015"]
[Site "Aurec"]
[Date "2015.01.17"]
[Round "6.8"]
[White "Volay, Pascal"]
[Black "Joly, Christian"]
[Result "0-1"]
[WhiteElo "1480"]
[BlackElo "1580"]
[PlyCount "98"]
[EventDate "2015.??.??"]

1. d4 Nf6 2. Nf3 g6 3. c4 Bg7 4. Nc3 O-O 5. e4 d6 6. h3 Nbd7 7. Be3 c5 8. d5 a6
9. Qd2 Rb8 10. b3 Nxe4 11. Nxe4 Bxa1 12. h4 b5 13. h5 Nf6 14. Nxf6+ Bxf6 15.
hxg6 fxg6 16. Ng5 b4 17. Qc2 Bf5 18. Bd3 Bxg5 19. Bxg5 Qd7 20. Be3 Bxd3 21.
Qxd3 Qf5 22. Qxf5 Rxf5 23. Ke2 a5 24. Rb1 Ra8 25. Rb2 a4 26. g3 axb3 27. axb3
Ra6 28. Kd3 Rf8 29. Kc2 Rfa8 30. Kb1 Ra1+ 31. Kc2 Kf7 32. Rb1 Rxb1 33. Kxb1 Kf6
34. Bf4 Kf5 35. Be3 e5 36. dxe6 Kxe6 37. Kb2 Rf8 38. Kc2 Kf5 39. Bf4 Rf6 40.
Kd2 g5 41. Be3 h6 42. Ke2 Ke4 43. Kd2 Rf7 44. Kc2 Kf3 45. Kc1 Ke2 46. Kc2 Rxf2
47. Bxf2 Kxf2 48. Kd2 Kxg3 49. Ke2 Kg2 0-1

[Event "Open de la Loire 2014-2015"]
[Site "Aurec"]
[Date "2015.01.17"]
[Round "6.9"]
[White "Legendre, Julien"]
[Black "Vier, Serge"]
[Result "0-1"]
[WhiteElo "1490"]
[BlackElo "1665"]
[PlyCount "72"]
[EventDate "2015.??.??"]

1. d4 d5 2. c3 Nf6 3. e3 Bg4 4. Nf3 e6 5. Nbd2 c5 6. h3 Bh5 7. g4 Bg6 8. Ne5
cxd4 9. exd4 Ne4 10. h4 Nxd2 11. Bxd2 f6 12. Bb5+ Ke7 13. Nxg6+ hxg6 14. Qe2
Nc6 15. Bf4 g5 16. Bg3 Kf7 17. O-O-O Bd6 18. Bxd6 Qxd6 19. hxg5 Qf4+ 20. Kc2
Qxg5 21. Rde1 Rhe8 22. Ref1 e5 23. dxe5 Rxe5 24. Qd1 Qf4 25. f3 Rae8 26. Re1
Rxe1 27. Qxd5+ R1e6 28. Qd7+ R8e7 29. Qd5 Qe5 30. Bc4 Qxd5 31. Bxd5 Kg6 32.
Bxe6 Rxe6 33. b4 Re2+ 34. Kb3 Ne5 35. a3 Nxf3 36. Rd1 Re7 0-1

[Event "Open de la Loire 2014-2015"]
[Site "Aurec"]
[Date "2015.01.17"]
[Round "6.10"]
[White "Acikgoz, Tuncay"]
[Black "Guichard, Thomas"]
[Result "1-0"]
[WhiteElo "1564"]
[BlackElo "1460"]
[PlyCount "97"]
[EventDate "2015.??.??"]

1. e4 e6 2. f4 d5 3. exd5 exd5 4. Nf3 Nf6 5. Bb5+ c6 6. Ba4 Bd6 7. d3 O-O 8.
O-O Bg4 9. Qe1 Re8 10. Qg3 Nbd7 11. d4 Bf5 12. Ne5 Ne4 13. Qf3 f6 14. Ng4 h5
15. Ne3 Bg6 16. Nd2 f5 17. c3 Ndf6 18. Bc2 h4 19. Nxe4 fxe4 20. Qf2 Nh5 21. Ng4
Bf5 22. Ne5 Rf8 23. Bd1 Bxe5 24. fxe5 g6 25. Bxh5 gxh5 26. Bh6 Rf7 27. Qf4 Bg6
28. Qg5 Qxg5 29. Bxg5 Raf8 30. Bf6 Kh7 31. Rf4 h3 32. g3 e3 33. Re1 Be4 34.
Rxe3 Bg2 35. Re2 Kg6 36. Ref2 a6 37. Be7 Rxf4 38. Rxf4 Rxf4 39. gxf4 Kf5 40.
Bg5 Bf3 41. Kf2 Bg4 42. a4 Ke4 43. Kg3 Kd3 44. Be7 Kc2 45. Ba3 Kb3 46. Kh4 Kxa4
47. Kg5 Kb3 48. f5 Kc4 49. f6 1-0

[Event "Open de la Loire 2014-2015"]
[Site "Aurec"]
[Date "2015.01.17"]
[Round "6.11"]
[White "Lempereur, Theo"]
[Black "Schuhmann, Alain"]
[Result "0-1"]
[WhiteElo "1400"]
[BlackElo "1520"]
[PlyCount "44"]
[EventDate "2015.??.??"]

1. e4 c5 2. Nf3 Nc6 3. Nc3 e6 4. Bc4 Be7 5. d3 Na5 6. b3 Nxc4 7. bxc4 d6 8. Be3
Nf6 9. O-O O-O 10. Ne2 Bd7 11. a4 Bc6 12. c3 Qc7 13. Bf4 Nh5 14. d4 Nxf4 15.
Nxf4 Bxe4 16. Re1 d5 17. cxd5 Qxf4 18. Rc1 Bxd5 19. a5 Rfd8 20. dxc5 Bxc5 21.
Qe2 Bd6 22. Kf1 Bc4 0-1

[Event "Open de la Loire 2014-2015"]
[Site "Aurec"]
[Date "2015.01.17"]
[Round "6.12"]
[White "Piguet, Francois"]
[Black "Poyet, Louis"]
[Result "1-0"]
[WhiteElo "1599"]
[BlackElo "1280"]
[PlyCount "63"]
[EventDate "2015.??.??"]

1. Nf3 d5 2. c4 e6 3. d4 c5 4. Nc3 cxd4 5. Nxd4 e5 6. Nf3 d4 7. Nd5 Nc6 8. e3
dxe3 9. Bxe3 Bf5 10. Be2 Nb4 11. Nxb4 Qxd1+ 12. Rxd1 Bxb4+ 13. Bd2 Bc2 14. Bxb4
Bxd1 15. Bxd1 Nf6 16. Ba4+ Nd7 17. O-O f6 18. Re1 Rc8 19. b3 Rc7 20. Nd4 a6 21.
Ne6 Rc8 22. Rd1 Kf7 23. Bxd7 Rb8 24. Nc5 Rhd8 25. Be6+ Ke8 26. Bd5 b6 27. Nxa6
Rbc8 28. f4 e4 29. f5 g6 30. g4 Ra8 31. Nc7+ Kd7 32. Nxa8 1-0

[Event "Open de la Loire 2014-2015"]
[Site "Aurec"]
[Date "2015.01.17"]
[Round "6.13"]
[White "Bournez, Gerard"]
[Black "Brachet, Gerard"]
[Result "1-0"]
[WhiteElo "1330"]
[BlackElo "1320"]
[PlyCount "83"]
[EventDate "2015.??.??"]

1. e4 e5 2. Nc3 Nf6 3. Nf3 Bc5 4. d4 exd4 5. Nxd4 Bxd4 6. Qxd4 O-O 7. Bg5 Nc6
8. Qd2 Re8 9. f3 h6 10. Bxf6 Qxf6 11. O-O-O a6 12. Nd5 Qd6 13. a3 b5 14. Nb4
Qxd2+ 15. Rxd2 Nxb4 16. axb4 d6 17. c3 Re6 18. Kc2 Bd7 19. Bd3 a5 20. Ra1 a4
21. f4 c5 22. bxc5 dxc5 23. e5 Rea6 24. Be4 R8a7 25. Rad1 Be8 26. Rd6 Ra5 27.
Ra1 b4 28. Rd8 Kf8 29. Bc6 Re7 30. Bxa4 f6 31. b3 Kf7 32. Bxe8+ Rxe8 33. Rd7+
Re7 34. Rxe7+ Kxe7 35. Rxa5 g5 36. g3 Ke6 37. exf6 Kxf6 38. Rxc5 gxf4 39. gxf4
Kg6 40. Kd3 h5 41. h4 Kf6 42. Re5 1-0

[Event "Open de la Loire 2014-2015"]
[Site "Aurec"]
[Date "2015.01.17"]
[Round "6.14"]
[White "Trottet, Francois"]
[Black "Mialon, Franck"]
[Result "1-0"]
[WhiteElo "1400"]
[BlackElo "1320"]
[PlyCount "57"]
[EventDate "2015.??.??"]

1. e4 e5 2. Nf3 Nc6 3. Bb5 Bc5 4. c3 Nf6 5. O-O O-O 6. Re1 a6 7. Bxc6 dxc6 8.
b4 Ba7 9. Nxe5 Nd7 10. Nxd7 Bxd7 11. d4 Qh4 12. g3 Qh3 13. Qf3 f5 14. Bf4 fxe4
15. Rxe4 Bg4 16. Qe3 Bf5 17. Re7 c5 18. bxc5 Bd7 19. Nd2 Bc6 20. Qe6+ Qxe6 21.
Rxe6 Rae8 22. Rae1 Rxe6 23. Rxe6 Bd5 24. Re7 Bxa2 25. Bxc7 b5 26. cxb6 Bd5 27.
bxa7 Ra8 28. Bb6 Rc8 29. Bc5 1-0

[Event "Open de la Loire 2014-2015"]
[Site "Aurec"]
[Date "2015.01.17"]
[Round "6.15"]
[White "Poncet, Baptiste"]
[Black "Hong, Shawn"]
[Result "0-1"]
[WhiteElo "1130"]
[BlackElo "1330"]
[PlyCount "116"]
[EventDate "2015.??.??"]

1. e4 e5 2. Nf3 Nc6 3. Nc3 Bc5 4. Bc4 Nf6 5. O-O h6 6. d3 d6 7. h3 a6 8. a4 Bd7
9. b3 Bb6 10. Bb2 Ne7 11. d4 Ng6 12. Nd5 Ba5 13. b4 Bb6 14. a5 Ba7 15. c3 Nxd5
16. Bxd5 c6 17. Bb3 O-O 18. Re1 b5 19. d5 c5 20. Ba3 c4 21. Bc2 Qf6 22. Kh1 Nf4
23. Bc1 Nd3 24. Bxd3 cxd3 25. Qxd3 Bxf2 26. Rf1 Ba7 27. c4 bxc4 28. Qxc4 Bb5
29. Qc7 Bxf1 30. Bb2 Be2 31. Nxe5 dxe5 32. Bxe5 Qd8 33. Qc3 Rc8 34. Qg3 Qg5 35.
Qxg5 hxg5 36. Re1 f6 37. Bd6 Rfd8 38. Be7 Rd7 39. Bc5 Bxc5 40. bxc5 Bb5 41. c6
Bxc6 42. dxc6 Rdc7 43. Rc1 Rxc6 44. Rxc6 Rxc6 45. e5 fxe5 46. Kh2 Rc2 47. Kg1
e4 48. Kf1 e3 49. Ke1 Kf7 50. g3 Ke6 51. h4 gxh4 52. gxh4 Kf5 53. Kd1 Rh2 54.
h5 Kf4 55. h6 gxh6 56. Kc1 Ke4 57. Kb1 e2 58. Kc1 e1=Q# 0-1

[Event "Open de la Loire 2014-2015"]
[Site "Aurec"]
[Date "2015.01.17"]
[Round "6.16"]
[White "Raffin, Philippe"]
[Black "Choquelle, Jean"]
[Result "0-1"]
[WhiteElo "1399"]
[BlackElo "1210"]
[PlyCount "96"]
[EventDate "2015.??.??"]

1. e4 c5 2. Nf3 d6 3. Nc3 Nf6 4. Bc4 e6 5. d3 Nc6 6. O-O Be7 7. Ng5 O-O 8. Qf3
Nd4 9. Qh3 h6 10. Nf3 Nxc2 11. Rb1 Nd4 12. Nh4 e5 13. Qe3 Ng4 14. Qg3 Bxh4 15.
h3 Bxg3 16. fxg3 Nf6 17. Nd5 Ne2+ 18. Kh1 Nxg3+ 19. Kg1 Nxf1 20. Kxf1 Nh5 21.
Be3 Ng3+ 22. Kf2 Qh4 23. Kf3 Bf5 24. Re1 g5 25. Nf6+ Kg7 26. Nd7 g4+ 27. hxg4
Qxg4+ 28. Kf2 Nxe4+ 29. Kg1 Ng3 30. Nxe5 dxe5 31. Bxc5 Rfe8 32. Bb5 Ne2+ 33.
Kf1 Ng3+ 34. Kg1 Rad8 35. a4 Qh4 36. Kf2 Nh1+ 37. Ke2 Bg4+ 38. Kd2 Qg5+ 39. Be3
Qh4 40. Rf1 Ng3 41. Rf2 Ne4+ 42. Kc2 Nxf2 43. Bxa7 Rc8+ 44. Bc4 Bd1+ 45. Kd2
Ne4+ 46. Kxd1 Qh1+ 47. Ke2 Qxg2+ 48. Bf2 Qxf2+ 0-1

[Event "Open de la Loire 2014-2015"]
[Site "Aurec"]
[Date "2015.03.28"]
[Round "7.1"]
[White "Bragado, Kevin"]
[Black "Allabrune, Guillaume"]
[Result "1-0"]
[WhiteElo "1720"]
[BlackElo "1511"]
[PlyCount "95"]
[EventDate "2015.??.??"]

1. d4 d5 2. c4 c6 3. Nf3 Nf6 4. e3 Bg4 5. Nc3 Nbd7 6. h3 Bh5 7. cxd5 cxd5 8.
Qb3 Bxf3 9. gxf3 Qb6 10. Qxb6 Nxb6 11. Bb5+ Kd8 12. Bd2 a6 13. Bd3 e6 14. Rc1
Nc4 15. Bxc4 dxc4 16. Na4 b5 17. Ba5+ Ke8 18. Nb6 Rb8 19. b3 Nd5 20. Nxd5 exd5
21. b4 f5 22. Kd2 Kd7 23. Kc3 Be7 24. Rcg1 g6 25. h4 Rbf8 26. f4 Rhg8 27. Bb6
Rf7 28. Bc5 Bd8 29. a4 Rf6 30. axb5 axb5 31. Ra1 Rc6 32. Ra7+ Rc7 33. Rha1 Bxh4
34. Rxc7+ Kxc7 35. Ra7+ Kc6 36. Rxh7 Bxf2 37. Rh3 Be1+ 38. Kc2 c3 39. Be7 Ra8
40. Rh1 Ra2+ 41. Kd1 Ra1+ 42. Kc2 Ra2+ 43. Kd3 Bd2 44. Ke2 Bc1+ 45. Kd3 Rd2+
46. Kxc3 Re2 47. Rxc1 Rxe3+ 48. Kd2+ 1-0

[Event "Open de la Loire 2014-2015"]
[Site "Aurec"]
[Date "2015.03.28"]
[Round "7.2"]
[White "Ould Taleb, Said"]
[Black "Liogier, Pascal"]
[Result "1-0"]
[WhiteElo "1926"]
[BlackElo "1600"]
[PlyCount "77"]
[EventDate "2015.??.??"]

1. e4 c6 2. d4 d5 3. exd5 cxd5 4. c4 Nf6 5. Nc3 Nc6 6. Nf3 g6 7. c5 Bg7 8. Be2
O-O 9. O-O Ne4 10. Be3 e5 11. Nxe5 Nxc3 12. bxc3 Nxe5 13. dxe5 Bxe5 14. Bd4 Qc7
15. g3 Be6 16. Re1 Bg7 17. a4 Qa5 18. Rb1 Rac8 19. Rxb7 Rxc5 20. Bxc5 Qxc5 21.
Bg4 Bxc3 22. Rf1 Bc8 23. Bxc8 Rxc8 24. Rb5 Qd4 25. Qxd4 Bxd4 26. Rxd5 Rc4 27.
a5 Ra4 28. Rc1 Kf8 29. Rc7 Ke8 30. Kg2 h5 31. h4 f6 32. Rxd4 Rxd4 33. Rxa7 Rd2
34. a6 Ra2 35. Kf3 Kd8 36. Ra8+ Kc7 37. Ra7+ Kb6 38. Rf7 Ra3+ 39. Ke4 1-0

[Event "Open de la Loire 2014-2015"]
[Site "Aurec"]
[Date "2015.03.28"]
[Round "7.3"]
[White "Barrandon, Georges"]
[Black "Briancon, Jean-Philippe"]
[Result "0-1"]
[WhiteElo "1460"]
[BlackElo "1412"]
[PlyCount "84"]
[EventDate "2015.??.??"]

1. d4 Nf6 2. Nf3 e6 3. e3 c5 4. c4 d5 5. Nc3 Nc6 6. b3 cxd4 7. exd4 Bb4 8. Bd2
O-O 9. a3 Bxc3 10. Bxc3 Ne4 11. Bb2 Qa5+ 12. b4 Nxb4 13. axb4 Qxb4+ 14. Nd2
Qxb2 15. Nxe4 dxe4 16. Be2 Qc3+ 17. Kf1 Rd8 18. Qa4 Bd7 19. Qd1 Be8 20. Rc1
Qxd4 21. Qxd4 Rxd4 22. g3 Bc6 23. Kg2 e3+ 24. f3 Rd2 25. Rhe1 Rad8 26. g4 f5
27. Kg3 fxg4 28. Kxg4 Rf8 29. Rc3 Rxe2 30. Rxe3 Rxe1 31. Rxe1 a5 32. f4 a4 33.
Kg3 Re8 34. h4 b5 35. cxb5 Bxb5 36. Kf3 a3 37. Ra1 Ra8 38. Ke4 Bc4 39. Kd4 Bd5
40. Kc3 Ra4 41. Kd3 a2 42. Kc3 Rxf4 0-1

[Event "Open de la Loire 2014-2015"]
[Site "Aurec"]
[Date "2015.03.28"]
[Round "7.4"]
[White "Imperiali, Joris"]
[Black "Desassis, Jean-Francois"]
[Result "1-0"]
[WhiteElo "1578"]
[BlackElo "1550"]
[PlyCount "83"]
[EventDate "2015.??.??"]

1. e4 c5 2. Nf3 d6 3. d4 cxd4 4. Nxd4 Nf6 5. Nc3 a6 6. Bg5 e6 7. f4 Be7 8. Qf3
Qa5 9. O-O-O e5 10. Nb3 Qc7 11. Bxf6 Bxf6 12. Nd5 Qd8 13. Qc3 O-O 14. Kb1 Nd7
15. Qb4 exf4 16. Nxf6+ Nxf6 17. e5 Ng4 18. exd6 Nf2 19. Be2 Nxh1 20. Rxh1 a5
21. Qxf4 Be6 22. Nd4 Qb6 23. Nxe6 fxe6 24. Qe5 Rf6 25. Bc4 Rd8 26. Rd1 Qc6 27.
Bxe6+ Kh8 28. Qxa5 Rdf8 29. d7 Rxe6 30. d8=Q Rxd8 31. Rxd8+ Re8 32. Qa8 h6 33.
Rxe8+ Kh7 34. Rh8+ Kg6 35. Qe8+ Qxe8 36. Rxe8 Kf5 37. a4 g5 38. a5 g4 39. Re7
h5 40. Rxb7 Kf4 41. a6 g3 42. Rf7+ 1-0

[Event "Open de la Loire 2014-2015"]
[Site "Aurec"]
[Date "2015.03.28"]
[Round "7.5"]
[White "Boeuf, Jean-Julien"]
[Black "Acikgoz, Tuncay"]
[Result "0-1"]
[WhiteElo "1508"]
[BlackElo "1610"]
[PlyCount "40"]
[EventDate "2015.??.??"]

1. Nf3 d5 2. c4 c6 3. d4 g6 4. Nc3 Bg7 5. cxd5 cxd5 6. e4 dxe4 7. Nxe4 Nf6 8.
Qa4+ Nbd7 9. Bd3 O-O 10. Bg5 Qb6 11. Qb5 Qe6 12. Ne5 Nxe4 13. Bxe4 Nxe5 14.
dxe5 Bxe5 15. O-O Bd6 16. Rfe1 Rb8 17. Bd5 Qf5 18. Bxe7 Bxe7 19. Rxe7 Be6 20.
Bxe6 Qxb5 0-1

[Event "Open de la Loire 2014-2015"]
[Site "Aurec"]
[Date "2015.03.28"]
[Round "7.6"]
[White "Vier, Serge"]
[Black "Fournier, Gerald"]
[Result "1/2-1/2"]
[WhiteElo "1665"]
[BlackElo "1490"]
[PlyCount "84"]
[EventDate "2015.??.??"]

1. d4 d5 2. c4 e6 3. Nc3 Nf6 4. Bg5 Nbd7 5. cxd5 exd5 6. Nf3 c6 7. e3 Qa5 8.
Bxf6 Nxf6 9. Nd2 Bd6 10. Bd3 Qd8 11. h3 O-O 12. O-O Re8 13. Nf3 h6 14. Rb1 a5
15. a3 a4 16. Nxa4 b6 17. Qc2 Bd7 18. Nc3 c5 19. Bb5 cxd4 20. Nxd4 Rc8 21. Bxd7
Qxd7 22. Qf5 Qxf5 23. Nxf5 Be5 24. Nd4 Bxd4 25. exd4 Ne4 26. Rbc1 Nxc3 27. Rxc3
Rxc3 28. bxc3 Re2 29. Rb1 Rc2 30. Rxb6 Rxc3 31. Rb5 Rxa3 32. Rxd5 Kf8 33. Re5
f6 34. Re3 Ra1+ 35. Kh2 Rd1 36. Re4 g5 37. g4 Rd2 38. Kg3 Kf7 39. Kf3 Rd3+ 40.
Ke2 Rxh3 41. d5 Ra3 42. d6 Ra7 1/2-1/2

[Event "Open de la Loire 2014-2015"]
[Site "Aurec"]
[Date "2015.03.28"]
[Round "7.7"]
[White "Martin, Julien"]
[Black "Schuhmann, Alain"]
[Result "0-1"]
[WhiteElo "1545"]
[BlackElo "1520"]
[PlyCount "84"]
[EventDate "2015.??.??"]

1. e4 c5 2. Nf3 Nc6 3. Nc3 e5 4. Be2 Be7 5. O-O Nf6 6. Nd5 O-O 7. Nxe7+ Qxe7 8.
d3 d6 9. a3 Bg4 10. Nh4 Bxe2 11. Qxe2 Nd4 12. Qd1 Nd7 13. Nf3 Rac8 14. Nxd4
cxd4 15. Ra2 f5 16. exf5 Rxf5 17. b3 Rcf8 18. Qe2 Qh4 19. h3 R5f6 20. Bd2 Rg6
21. Kh2 Nf6 22. f3 Nh5 23. Be1 Qf4+ 24. Kg1 Ng3 25. Bxg3 Rxg3 26. Qe4 Qf6 27.
Raa1 Qh6 28. Kh2 Qg6 29. Qxg6 Rxg6 30. Rac1 Rc8 31. f4 Rf6 32. g3 Kf7 33. fxe5
dxe5 34. Rxf6+ Kxf6 35. Kg2 h6 36. Kf3 g5 37. Ke4 Ke6 38. a4 a6 39. g4 Rc7 40.
Rf1 Rxc2 41. Rf5 Re2+ 42. Kf3 Re3+ 0-1

[Event "Open de la Loire 2014-2015"]
[Site "Aurec"]
[Date "2015.03.28"]
[Round "7.8"]
[White "Petrosyan, Armen"]
[Black "Libiszewski, Christian"]
[Result "0-1"]
[WhiteElo "1480"]
[BlackElo "1428"]
[PlyCount "58"]
[EventDate "2015.??.??"]

1. Nf3 e6 2. c4 Nf6 3. d4 d5 4. e3 c5 5. Nc3 Nc6 6. a3 cxd4 7. exd4 b6 8. Bf4
Nh5 9. Be3 Nf6 10. Bd3 Ng4 11. Qc2 Nxe3 12. fxe3 g6 13. O-O-O Bg7 14. Na4 O-O
15. h3 Bd7 16. Kb1 Rc8 17. Nc3 Qe7 18. Nd2 dxc4 19. Nxc4 Rb8 20. Nd2 Rfc8 21.
Rc1 Rc7 22. Nb3 Nd8 23. Ba6 b5 24. Qd3 b4 25. Nb5 Rxc1+ 26. Nxc1 Bxb5 27. Bxb5
bxa3 28. b3 Qb7 29. Ba4 Qxg2 0-1

[Event "Open de la Loire 2014-2015"]
[Site "Aurec"]
[Date "2015.03.28"]
[Round "7.9"]
[White "Piguet, Francois"]
[Black "Volay, Pascal"]
[Result "0-1"]
[WhiteElo "1599"]
[BlackElo "1480"]
[PlyCount "48"]
[EventDate "2015.??.??"]

1. e4 e5 2. Nf3 Nc6 3. Bb5 a6 4. Ba4 Nf6 5. O-O b5 6. Bb3 Be7 7. Re1 d6 8. d4
Bg4 9. c3 exd4 10. cxd4 O-O 11. Nc3 Rb8 12. Nd5 Re8 13. a3 Na5 14. Nxf6+ Bxf6
15. Bxf7+ Kxf7 16. Ng5+ Bxg5 17. Qxg4 Bxc1 18. Raxc1 Re6 19. Rc3 Rg6 20. Qf5+
Qf6 21. Rxc7+ Kg8 22. Qd7 Rd8 23. Qxd8+ Qxd8 24. Rec1 Nc4 0-1

[Event "Open de la Loire 2014-2015"]
[Site "Aurec"]
[Date "2015.03.28"]
[Round "7.10"]
[White "Boeuf, Jeremy"]
[Black "Bournez, Gerard"]
[Result "1-0"]
[WhiteElo "1585"]
[BlackElo "1330"]
[PlyCount "71"]
[EventDate "2015.??.??"]

1. f4 Nf6 2. Nf3 e6 3. e3 Be7 4. b3 d5 5. Bb2 Nc6 6. Bb5 Bd7 7. Bxc6 Bxc6 8.
Ne5 Bd7 9. O-O O-O 10. Nc3 c5 11. d4 b6 12. a4 a5 13. Ne2 Ne4 14. Ng3 Nf6 15.
Ba3 h6 16. Qe2 Be8 17. c4 cxd4 18. Bxe7 Qxe7 19. exd4 Qb4 20. Rfb1 Qc3 21. Qf3
Qxd4+ 22. Qf2 Qxf2+ 23. Kxf2 Rd8 24. b4 Ne4+ 25. Nxe4 dxe4 26. bxa5 bxa5 27.
Ke3 f5 28. c5 Rc8 29. Rc1 Bc6 30. Rab1 Bd5 31. Rb5 Ra8 32. c6 Rfc8 33. c7 Ra7
34. Rb8 Bb7 35. Nd7 Kh7 36. Nb6 1-0

[Event "Open de la Loire 2014-2015"]
[Site "Aurec"]
[Date "2015.03.28"]
[Round "7.11"]
[White "Guichard, Thomas"]
[Black "Legendre, Julien"]
[Result "1-0"]
[WhiteElo "1460"]
[BlackElo "1490"]
[PlyCount "63"]
[EventDate "2015.??.??"]

1. e4 Nc6 2. Nf3 d6 3. Bb5 e5 4. d4 a6 5. Bxc6+ bxc6 6. dxe5 Bb7 7. Nc3 dxe5 8.
Qxd8+ Rxd8 9. Nxe5 Bd6 10. Nd3 c5 11. O-O Ne7 12. e5 c4 13. exd6 cxd6 14. Nf4
O-O 15. Be3 Nf5 16. Rfe1 d5 17. Bc5 Rfe8 18. Rxe8+ Rxe8 19. Nfxd5 Bxd5 20. Nxd5
Re2 21. Ne3 Nxe3 22. fxe3 Rxc2 23. Rd1 f5 24. Rd8+ Kf7 25. Bd4 Ke7 26. Ra8 Kd6
27. Rxa6+ Kd5 28. Ra5+ Ke4 29. Re5+ Kd3 30. Rxf5 g6 31. Rf1 Ke2 32. Rf2+ 1-0

[Event "Open de la Loire 2014-2015"]
[Site "Aurec"]
[Date "2015.03.28"]
[Round "7.12"]
[White "Choquelle, Jean"]
[Black "Trottet, Francois"]
[Result "0-1"]
[WhiteElo "1210"]
[BlackElo "1400"]
[PlyCount "57"]
[EventDate "2015.??.??"]

1. e4 c5 2. c4 Nc6 3. Nf3 d6 4. d4 cxd4 5. Nxd4 Nf6 6. Nc3 g6 7. Be2 e6 8. Nf3
Bg7 9. Nb5 Nxe4 10. Bg5 Qa5+ 11. Nd2 Nxg5 12. Nxd6+ Ke7 13. O-O Rd8 14. Nb3 Qe5
15. c5 Qxb2 16. Rc1 Qxa2 17. Bc4 Qb2 18. Nxc8+ Rdxc8 19. Qg4 Qf6 20. Rfe1 Ne5
21. Qe2 Nxc4 22. Qxc4 Kf8 23. Ra1 a6 24. Qb4 Rc7 25. c6+ Qe7 26. Qa4 Bxa1 27.
Nxa1 Rxc6 28. h4 b5 29. Qa3 0-1

[Event "Open de la Loire 2014-2015"]
[Site "Aurec"]
[Date "2015.03.28"]
[Round "7.13"]
[White "Mialon, Franck"]
[Black "Poncet, Baptiste"]
[Result "1-0"]
[WhiteElo "1320"]
[BlackElo "1130"]
[PlyCount "41"]
[EventDate "2015.??.??"]

1. e4 e5 2. Nf3 Nc6 3. Bc4 Bc5 4. O-O Nf6 5. d3 h6 6. c3 d5 7. exd5 Nxd5 8. d4
e4 9. Qe2 Bf5 10. dxc5 O-O 11. Nd4 Nf4 12. Bxf4 Nxd4 13. cxd4 Qxd4 14. Nc3 b6
15. cxb6 cxb6 16. Rad1 Qxd1 17. Rxd1 Rad8 18. Rxd8 Rxd8 19. Qh5 g6 20. Qxh6 a6
21. Be5 1-0

[Event "Open de la Loire 2014-2015"]
[Site "Aurec"]
[Date "2015.03.28"]
[Round "7.14"]
[White "Dugelay, Alain"]
[Black "Duffy, Claudine"]
[Result "1-0"]
[WhiteElo "1080"]
[BlackElo "1070"]
[PlyCount "81"]
[EventDate "2015.??.??"]

1. e4 e5 2. Nf3 d6 3. Bc4 Nf6 4. d3 Be7 5. Nc3 c6 6. Ng5 h6 7. Nxf7 Qd7 8. Nxh8
Kf8 9. Ng6+ Ke8 10. Nxe7 Kf8 11. Nxc8 Qxc8 12. O-O Nbd7 13. b4 Nb6 14. Bb3 Qd7
15. b5 d5 16. Ba3+ Ke8 17. bxc6 bxc6 18. h3 d4 19. Ne2 a5 20. c3 a4 21. Bc5 Rb8
22. Bxa4 Qa7 23. Bxc6+ Kd8 24. Bd6 Rc8 25. Bxe5 Rxc6 26. Bxf6+ gxf6 27. Nxd4
Rxc3 28. Ne6+ Ke7 29. Qd2 Rc6 30. Ng7 Kf7 31. Qxh6 Qd7 32. Rfd1 Na4 33. Nh5 Qd4
34. Qh7+ Ke6 35. Qf5+ Kd6 36. Qxf6+ Qxf6 37. Nxf6 Kc5 38. Rac1+ Kb5 39. Rxc6
Kxc6 40. Rc1+ Kb5 41. d4 1-0

[Event "Open de la Loire 2014-2015"]
[Site "Aurec"]
[Date "2015.03.28"]
[Round "8.1"]
[White "Bragado, Kevin"]
[Black "Liogier, Pascal"]
[Result "1-0"]
[WhiteElo "1720"]
[BlackElo "1600"]
[PlyCount "49"]
[EventDate "2015.??.??"]

1. f4 d5 2. Nf3 Nc6 3. g3 Bg4 4. Bg2 d4 5. O-O g6 6. b3 Bg7 7. Bb2 Nh6 8. Ne5
Nxe5 9. fxe5 Bxe5 10. Bxb7 Bh3 11. Bc6+ Kf8 12. Bg2 Bxg2 13. Kxg2 Qd6 14. Na3
c5 15. Nc4 Qd5+ 16. Kg1 Bc7 17. d3 Rg8 18. e4 Qe6 19. Bc1 g5 20. Qf3 Ke8 21.
Bd2 Qh3 22. e5 Rg6 23. Qxa8+ Kd7 24. Qd5+ Ke8 25. Qg2 1-0

[Event "Open de la Loire 2014-2015"]
[Site "Aurec"]
[Date "2015.03.28"]
[Round "8.2"]
[White "Imperiali, Joris"]
[Black "Ould Taleb, Said"]
[Result "1-0"]
[WhiteElo "1578"]
[BlackElo "1926"]
[PlyCount "79"]
[EventDate "2015.??.??"]

1. e4 c5 2. Nf3 Nc6 3. d4 cxd4 4. Nxd4 e5 5. Nb5 a6 6. N5c3 Nf6 7. Bg5 Be7 8.
Bxf6 Bxf6 9. Bc4 g6 10. Nd5 Bg7 11. Nbc3 O-O 12. h4 b5 13. Bb3 Nd4 14. h5 Qg5
15. hxg6 hxg6 16. Qg4 Qd8 17. Qxg6 Re8 18. Qh7+ Kf8 19. Rh3 Qg5 20. Rg3 Qh6 21.
Qxh6 Bxh6 22. Nc7 Bb7 23. Nxa8 Nxb3 24. axb3 Rxa8 25. Rh3 Kg7 26. Ke2 Rc8 27.
b4 f5 28. Rah1 Rc6 29. Rd3 Rc7 30. Rhd1 Bc6 31. exf5 Bg5 32. Rd6 Kf7 33. Rh1
Be7 34. Rh7+ Kf8 35. Rg6 Bxb4 36. f6 Bxc3 37. f7 Ke7 38. Rg8 Bd5 39. f8=Q+ Ke6
40. Rg6# 1-0

[Event "Open de la Loire 2014-2015"]
[Site "Aurec"]
[Date "2015.03.28"]
[Round "8.3"]
[White "Briancon, Jean-Philippe"]
[Black "Allabrune, Guillaume"]
[Result "0-1"]
[WhiteElo "1412"]
[BlackElo "1511"]
[PlyCount "72"]
[EventDate "2015.??.??"]

1. e4 e6 2. d4 d5 3. exd5 exd5 4. Nf3 c5 5. Nc3 Nf6 6. Bg5 Nc6 7. Be2 cxd4 8.
Nxd4 Bc5 9. Nxc6 bxc6 10. O-O O-O 11. Qd3 Re8 12. a3 h6 13. Bxf6 Qxf6 14. Na4
Bd4 15. c3 Be5 16. Rfe1 Bxh2+ 17. Kxh2 Qh4+ 18. Kg1 Qxa4 19. Bf3 Bd7 20. b3
Rxe1+ 21. Rxe1 Qxa3 22. c4 Qa5 23. Re7 Qd8 24. Qe3 Kf8 25. Rxd7 Qxd7 26. Qc5+
Ke8 27. cxd5 cxd5 28. Bxd5 Rc8 29. Qe3+ Qe7 30. Qxe7+ Kxe7 31. f3 f5 32. g3 Rc2
33. Bc4 g5 34. Bd3 Rb2 35. Bxf5 Rxb3 36. Kg2 a5 0-1